| 000 | 00401 a2200169 4500 | ||
|---|---|---|---|
| 003 | Nust | ||
| 005 | 20230126124106.0 | ||
| 020 | _a8186104208 | ||
| 040 | _cNust | ||
| 082 | _a658.314,SET | ||
| 100 |
_aSethi, Rajeev _957857 |
||
| 245 |
_aTips for creativity / _cRajeev Sethi |
||
| 260 |
_aDelhi _bBeacon _c1996 |
||
| 300 | _a286 p.; | ||
| 650 |
_a Creativity _980426 |
||
| 942 |
_2ddc _cBK _k658.314,SET |
||
| 999 |
_c184554 _d184554 |
||